| 000 | 00685nam a2200193Ia 4500 | ||
|---|---|---|---|
| 003 | IN-BaIIA | ||
| 008 | 211028s9999 xx 000 0 eng d | ||
| 040 | _cIIA Library | ||
| 080 |
_a083.7:624.159.11 _bISI |
||
| 110 | _aIndian Standards Institution | ||
| 245 | 0 |
_aIndian standard code of practice for design & construction of machine foundations _bpt. 3, foundations for rotary type machines (medium & high frequency) _cIndian Standards Institution |
|
| 260 |
_aNew Delhi _bIndian Standards Institution _c1976 |
||
| 300 | _a24p | ||
| 500 | _aIS 2974 : Part 3 : 1975 | ||
| 650 |
_a Machine Foundations _99127 |
||
| 650 | _a Standards | ||
| 650 | _aNASA Thesaurus | ||
| 942 | _cBK | ||
| 999 |
_c5134 _d5134 |
||